000 00299nam a22001457a 4500
999 _c54960
_d54960
008 200121b ||||| |||| 00| 0 eng d
020 _a9789951716321
041 _aeng
080 _a574
082 _a574
100 _a9
101 _aMJE
245 _aBioenergjia
_cMakolli,S
942 _2udc
_cBK